000 00526nam a22002057a 4500
005 20240208110247.0
008 240208b |||||||| |||| 00| 0 eng d
020 _a9789352875757
_cRs. 325.00
040 _aMAIN
082 _a070.1
_bC349P
100 _aChakraborty, Abin
245 _aPopular culture
260 _aHyderabad
_bOrient Blackswan
_c2019
300 _axiii, 185
440 _aLiterary/cultural theory
650 _aPopular Culture
650 _aJournalism
700 _aSen, Krishna, ed.
942 _cBK
999 _c314146
_d314146